00828nam a22002537a 4500001000700000003000900007005001700016007000700033008004700040020001500087040002200102092001500124100002100139245007500160260006000235300003700295700002200332700002600354942001200380945002700392952011000419956003000529999001500559240002DO-SdBNP20180207095439.0240002160314b 2004 cu xxu||||| |||| 00| 0 spa d a9592103321 aBPMSUbspacBPMSU axxxxbxxxx1 aBlanco, Katiuska10aVoces del milagro /cKatiuska Blanco, Alina Perera, Alberto Núñez. aCiudad de la Habana, Cuba :bCasa Editora Abril,c2004. a147 p. :bil., retrs. ;c20 cm. 12aPerera, Alina4 12aNúñez, Núñez. 2ddccBK ainventariado,2018 / dg 00102ddc4070aBPMETbBPMETd2016-03-14eDonado por FUNDIl0pBPMSU16030091r2016-03-14w2016-03-14yBK 2LOPEREZ3106BPMSU800260 c9217d9217